000 00758nam a2200277Ia 4500
003 OSt
005 20220918215214.0
006 a|||||r|||| 00| 0
007 ta
008 220917b |||||||| |||| 00| 0 eng d
024 _a140,480
037 _cTextual
040 _aARTS
_cARTS
_beng
041 _2eng
_aeng
082 _aY:(R29955), N2
100 _aFrisby David
245 0 _aAlienated mind
_b The sociology of knowledge in Germany (1918-1933 )
250 _a2nd
260 _aLondon
_bRoutledge
_c1992
300 _aix, 282p.
_ccm.
490 _aInternational library of sociology
500 _aIncludes Index
650 _aSOCIOLOGY
942 _hY:(R29955), N2
_cTEXL
_2CC
999 _c263456
_d263456